000 00858cam a2200277 4500
999 _c20356
_d20356
001 4067432
003 BDDh-ASL
005 20231015025858.0
008 691010s1968 ctub b 001 0 eng
010 _a 68027753
040 _aDLC
_cDLC
_dDLC
_dBDDh-ASL
050 0 0 _aBP64.M6
_bG4
082 0 0 _a297.0964
_bGEI
100 1 _aGeertz, Clifford.
245 1 0 _aIslam observed:
_breligious development in Morocco and Indonesia /
260 _aNew Haven:
_bYale University Press,
_c1968.
300 _axii, 136 p.
_bmaps.
_c23 cm.
350 _a$5.00
_a45/-
440 4 _aThe Terry lectures ;
_vv. 37
504 _aIncludes bibliographical references.
650 0 _aIslam
_zMorocco.
650 0 _aIslam
_zIndonesia.
740 _aReligious development in Morocco and Indonesia.
906 _a7
_bcbc
_corignew
_du
_encip
_f19
_gy-gencatlg
942 _2ddc
_cBK